Špecifiká marketingu golfového ihriska bakalárska práca

Guardado en:
Detalles Bibliográficos
Autor principal: Danišová, Juliana
Autor Corporativo: Obchodná fakulta EU. Katedra marketingu
Otros Autores: Matušovičová, Monika, 1967-
Formato: Libro
Lenguaje:eslovaco
Publicado: Bratislava 2023
Etiquetas: Agregar Etiqueta
Sin Etiquetas, Sea el primero en etiquetar este registro!

MARC

LEADER 00000nbm a2200000 4500
001 0294873
005 20231212123512.9
041 0 |a slo 
044 |a SK 
245 1 0 |a Špecifiká marketingu golfového ihriska  |b bakalárska práca  |c Juliana Danišová ; školiteľ: Monika Matušovičová 
264 1 |a Bratislava  |c 2023 
300 |a 56 s. 
100 1 |a Danišová, Juliana 
700 1 |a Matušovičová, Monika, 1967- 
710 2 |a Obchodná fakulta EU. Katedra marketingu